Music Artists By Song - Statistics

General Stats
  • This quiz has been taken 123 times
  • The average score is 71 of 125
Answer Stats
Hint Answer % Correct
All I Want For ChristmasIs You Mariah Carey
92%
Billie Jean Michael Jackson
92%
Poker Face Lady Gaga
91%
Bohemian Rhapsody Queen
89%
Locked Out Of Heaven Bruno Mars
84%
Wrecking Ball Miley Cyrus
84%
Take On Me a-ha
83%
…Baby One More Time Britney Spears
82%
Livin’ On A Prayer Bon Jovi
81%
Careless Whisper George Michael
81%
Firework Katy Perry
81%
Hello Adele
80%
Smells Like Teen Spirit Nirvana
80%
Don’t Stop Believin’ Journey
79%
Purple Rain Prince
79%
Hotel California The Eagles
79%
Blinding Lights The Weeknd
79%
Africa TOTO
79%
Stayin’ Alive Bee Gees
78%
Piano Man Billy Joel
78%
Sweet Child O Mine Guns n Roses
78%
Yellow Coldplay
77%
Blank Space Taylor Swift
77%
Let It Be The Beatles
77%
Like A Prayer Madonna
75%
Wonderwall Oasis
75%
Gangstas Paradise Coolio
74%
Love Yourself Justin Bieber
74%
Happy Pharrell Williams
74%
Californication Red Hot Chilli Peppers
74%
I Want It That Way The Backstreet Boys
74%
Mr Brightside The Killers
74%
Radioactive Imagine Dragons
73%
Imagine John Lennon
73%
Gold Digger Kanye West
73%
Enter Sandman Metallica
73%
P.I.M.P 50 Cent
72%
American Idiot Greenday
72%
Empire State Of Mind Jay-Z
72%
Ice Ice Baby Vanilla Ice
72%
Hound Dog Elvis Presley
71%
TikTok Kesha
71%
Never Gonna Give YouUp Rick Astley
71%
Chandelier Sia
71%
Back To Black Amy Winehouse
68%
Fly Me To The Moon Frank Sinatra
68%
Royals Lorde
68%
Summertime Sadness Lana Del Ray
67%
Seven Nation Army The White Stripes
67%
Respect Aretha Franklin
66%
Wannabe Spice Girls
66%
Take Me To Church Hozier
65%
Starships Nicki Minaj
65%
Counting Stars One Republic
65%
Space Oddity David Bowie
64%
Sweet Caroline Neil Diamond
64%
Y.M.C.A Village People
64%
All Of Me John Legend
63%
Barbie Girl AQUA
62%
Everybody Wants ToRule The World Tears For Fears
62%
Yeah! Usher
62%
Wake Me Up Avicii
60%
HUMBLE. Kendrick Lamar
60%
What Makes YouBeautiful One Direction
60%
All Star Smash Mouth
60%
Total Eclipse Of TheHeart Bonnie Tyler
58%
Hotline Bling Drake
58%
Sign Of The Times Harry Styles
58%
Girl On Fire Alicia Keys
57%
Timber Pitbull
57%
Stitches Shawn Mendes
57%
It Wasn’t Me Shaggy
56%
Uptown Funk Mark Ronson
55%
Hey Soul Sister Train
54%
We Are Young fun.
53%
Club Tropicana Wham!
53%
I’m A Believer The Monkees
52%
Sex On Fire Kings Of Leon
51%
Happier Than Ever Billie Eilish
48%
Dangerous Woman Ariana Grande
47%
My Humps Black Eyed Peas
47%
Bills,Bills,Bills Destiny’s Child
47%
Heathens Twenty One Pilots
47%
Dreams Fleetwood Mac
46%
Maps Maroon 5
46%
Umbrella Rhianna
46%
Don’t You (ForgetAbout Me) Simple Minds
45%
Psycho Killer Talking Heads
45%
Ain’t No Sunshine Bill Withers
44%
Come On Eileen Dexys Midnight Runners
44%
Ain’t No Mountain High Enough Marvin Gaye
44%
Don’t Start Now Dua Lipa
43%
Hey There Delilah Plain White T’s
42%
Hit The Road Jack Ray Charles
42%
Dynamite Taio Cruz
41%
Bodak Yellow Cardi B
40%
The Sweet Escape Gwen Stefani
40%
Where Is My Mind? Pixies
40%
Paper Planes M.I.A
39%
Stand By Me Ben E King
38%
Truth Hurts Lizzo
38%
Happy Together The Turtles
38%
Girlfriend Avril Lavigne
37%
Glamorous Fergie
37%
Somebody’s WatchingMe Rockwell
36%
Boys Don’t Cry The Cure
36%
Hit ‘Em Up 2Pac
35%
At Last Etta James
35%
Redbone Childish Gambino
33%
Baggy Trousers Madness
33%
Milkshake Kelis
31%
Say It Right Nelly Furtado
29%
Dark Red Steve Lacy
26%
Build Me Up Buttercup The Foundations
25%
Buttons The Pussycat Dolls
24%
Wet Dreamz J.Cole
23%
Escapism RAYE
23%
Broken Clocks SZA
21%
Breezeblocks alt-j
18%
Stone Cold Demi Lovato
17%
How Bizzare OMC
16%
Puppy Love Paul Anka
14%
Lil Boo Thang Paul Russell
14%
Genie In A Bottle Christina Agulera
8%
Crazy Gnarles Barkley
6%
No matching quizzes found
Score Distribution
Percent of People with Each Score
Percentile by Number Answered
Your Score History
You have not taken this quiz